| 000 | 01098cam a2200313 a 4500 | ||
|---|---|---|---|
| 001 | 6258201 | ||
| 005 | 20220326193309.0 | ||
| 008 | 070803s2007 gw a 000 0 eng | ||
| 015 |
_aGBA767093 _2bnb |
||
| 016 | 7 |
_a013824583 _2Uk |
|
| 020 | _a9783775720465 (hbk.) | ||
| 020 | _a3775720464 (hbk.) | ||
| 035 | _a(OCoLC)ocn166315569 | ||
| 035 | _a(NNC)6258201 | ||
| 040 |
_aUKM _cUKM _dNNC |
||
| 041 | 0 |
_aeng _aspa |
|
| 082 | 0 | 4 |
_a708 _bA524d |
| 100 | 1 |
_aAmorales, Carlos, _d1970- _91962 |
|
| 245 | 1 | 0 |
_aCarlos Amorales : _bdark mirror / _cedited by Daros-Latinamerica Collection, Hans-Michael Herzog & Katrin Steffen. |
| 260 |
_aOstfildern : _bHatje Cantz ; _aMaidstone : _bAmalgamated Book Services [distributor], _c2007. |
||
| 300 |
_aca. 124 p. : _bmany ill. (partly col.) ; _c27 x 21 cm. |
||
| 546 | _aText in English and Spanish. | ||
| 600 | 1 | 0 |
_aAmorales, Carlos, _d1970- _vExhibitions. _91963 |
| 700 | 1 |
_aHerzog, Hans-Michael, _d1956- _91964 |
|
| 700 | 1 |
_aSteffen, Katrin. _91965 |
|
| 710 | 2 |
_aDaros-Latinamerica (Art Collection) _91849 |
|
| 948 | 1 |
_a20070905 _bc _crhg9 _dSCMC |
|
| 999 |
_c408 _d408 |
||